000 00293nam a22001337a 4500
008 170808b xxu||||| |||| 00| 0 eng d
020 _a9780321268778
041 _aeng
080 _a004
100 _a33
101 _aSHKI
245 _aCOLLABORATION EXPLAINED
_cTABAKA, J
942 _2udc
_cBK
999 _c22857
_d22857